Statistics for Generator Puzzle #7

Click here to take the quiz!

General Stats

  • This quiz has been taken 5,353 times
  • The average score is 13 of 21

Answer Stats

Hint Answer % Correct
Public green areaPark
95%
Football, tennis etcSport
90%
Pig meatPork
90%
Wine bottle stopperCork
89%
Killer whaleOrca
86%
Frog soundCroak
84%
Boulder, stoneRock
83%
Academy awardOscar
79%
Slot machine grand prizeJackpot
79%
Baby deliverer?Stork
66%
ThespianActor
64%
Immerse in liquidSoak
63%
Deck of cardsPack
61%
Christian ministerPastor
53%
Small, fiery particleSpark
53%
Formal agreementPact
50%
Rough path or trailTrack
31%
Goods, merchandiseStock
26%
Abolish plans; fightScrap
22%
9-Letter WordJOCKSTRAP
13%
KidnapperCaptor
10%

Score Distribution

Percentile by Number Answered

Percent of People with Each Score

Your Score History

You have not taken this quiz